Catalog

Record Details

Catalog Search



The price  Cover Image Book Book

The price / Joan Johnston.

Summary:

A Houston attorney defends a pharmaceutical company whose drug may have killed a young girl, and when the plaintiff's counsel turns out to be his high school sweetheart, an unexpected romance ensues.

Record details

  • ISBN: 9780743454322
  • ISBN: 0743454324
  • Physical Description: 324 pages ; 24 cm.
  • Edition: 1st Atria books hardcover ed.
  • Publisher: New York : Atria Books, 2003.
Subject: Pharmaceutical industry > Fiction.
Wrongful death > Fiction.
Women lawyers > Fiction.
Blackthorne family (Fictitious characters) > Fiction.
Creed family (Fictitious characters) > Fiction.
Houston (Tex.) > Fiction.
Genre: Romance fiction.
Legal stories.

Available copies

  • 1 of 1 copy available at scottsboropl.

Holds

  • 0 current holds with 1 total copy.
Show Only Available Copies
Location Call Number / Copy Notes Barcode Shelving Location Status Due Date
scottsboropl F Joh 32269001149551 Adult - Fiction Available -

LDR 01621cam a2200433 a 4500
001153858
003CONS
00520200331100131.0
007ta
008031027s2003 nyu 000 1 eng
010 . ‡a 2003273641
020 . ‡a9780743454322 ‡q(hardcover)
020 . ‡a0743454324 ‡q(hardcover)
035 . ‡a(CPomAG)LMN617531
043 . ‡an-us-tx
05000. ‡aPS3560.O3896 ‡bP75 2003b
08200. ‡a813/.54 ‡222
1001 . ‡aJohnston, Joan, ‡d1948-
24514. ‡aThe price / ‡cJoan Johnston.
250 . ‡a1st Atria books hardcover ed.
260 . ‡aNew York : ‡bAtria Books, ‡c2003.
300 . ‡a324 pages ; ‡c24 cm.
336 . ‡atext ‡btxt ‡2rdacontent
337 . ‡aunmediated ‡bn ‡2rdamedia
338 . ‡avolume ‡bnc ‡2rdacarrier
4901 . ‡aBitter Creek series ; ‡v4
520 . ‡aA Houston attorney defends a pharmaceutical company whose drug may have killed a young girl, and when the plaintiff's counsel turns out to be his high school sweetheart, an unexpected romance ensues.
650 0. ‡aPharmaceutical industry ‡vFiction.
650 0. ‡aWrongful death ‡vFiction.
650 0. ‡aWomen lawyers ‡vFiction.
650 0. ‡aBlackthorne family (Fictitious characters) ‡vFiction.
650 0. ‡aCreed family (Fictitious characters) ‡vFiction.
651 0. ‡aHouston (Tex.) ‡vFiction.
655 7. ‡aRomance fiction. ‡2lcgft
655 7. ‡aLegal stories. ‡2lcgft
8001 . ‡aJohnston, Joan, ‡d1948- ‡tBitter Creek series ; ‡n4.
914 . ‡aSCP_LP ‡dLMN_cm
959 . ‡i32269001149551 ‡lF Joh ‡aAdult - Fiction ‡tHardback ‡g25.00
852 . ‡p32269001149551 ‡jF Joh ‡gAdult - Fiction ‡cHardback ‡y25.00 ‡bSBPL
901 . ‡a153858 ‡bUnknown ‡c153858 ‡tbiblio

Additional Resources